000 00438nam a22001697a 4500
003 OSt
005 20260408061226.0
008 260408b |||||||| |||| 00| 0 eng d
020 _a0-8264-5387-2
040 _cIPSTC
050 _aHD 58.7
_b.C65 1995
100 _aG.A COLE
245 _aOrganisational Behaviour
_bTheory and Practice
260 _bThomson Learning
500 _aincludes bibliographical and index
942 _2lcc
_cBK
_n0
999 _c23673
_d23672